000 00963nam a22002297a 4500
005 20251226111339.0
008 s2550 th tha d
020 _a9789747555578
040 _aNALT
041 _atha
050 _aGN 281
_bธ259ต 2550
100 0 _aธนิก เลิศชาญฤทธ์
_94041
245 1 0 _aตามรอยกำเนิดมนุษย์ /
_cธนิก เลิศชาญฤทธ์
260 _aกรุงเทพฯ :
_bสารคดี,
_c2550
300 _a280 หน้า :
_bภาพประกอบ ;
_c21 ซม.
650 0 _aมนุษย์
_xกำเนิดและบรรพบุรุษ
_923676
650 4 _aมนุษย์ก่อนประวัติศาสตร์
_923674
650 0 _aวิวัฒนาการของมนุษย์
_923675
850 _aNALT
942 _cGB
_2lcc
998 _j1020
_k นางจำเรียง ระวังสำโรง
999 _c54636
_d54636